Social problems in the family
Αποθηκεύτηκε σε:
| Άλλοι συγγραφείς: | , |
|---|---|
| Μορφή: | Βιβλίο |
| Γλώσσα: | English |
| Δημοσίευση: |
London :
Sage Publications,
c1998
|
| Σειρά: | Family life and social policy
|
| Θέματα: | |
| Ετικέτες: |
Προσθήκη ετικέτας
Δεν υπάρχουν, Καταχωρήστε ετικέτα πρώτοι!
|
MARC
| LEADER | 00000nam a2200000 i 4500 | ||
|---|---|---|---|
| 001 | 1/65267 | ||
| 008 | 990111s1998 eng d | ||
| 020 | |a 0-8039-8837-0 | ||
| 035 | |l 10047105 | ||
| 040 | |a GR-MY-UA |b gre |e aacr | ||
| 041 | 0 | |a eng | |
| 082 | 0 | |a 362.820941 | |
| 245 | 1 | 0 | |a Social problems in the family / |c edited by Rudi Dallos and Eugene McLaughlin |
| 260 | |a London : |b Sage Publications, |c c1998 | ||
| 300 | |a 274 p. | ||
| 490 | 1 | |a Family life and social policy | |
| 504 | |a Includes bibliofraphical references and index | ||
| 650 | 0 | 0 | |a Family policy |z Great Britain. |
| 650 | 0 | 0 | |a Social problems |z Great Britain. |
| 650 | 0 | 0 | |a Problem families |z Great Britain. |
| 700 | 1 | |a Dallos, Rudi, |d 1948- |4 edt | |
| 700 | 1 | |a McLaughlin, Eugene |d 1959- |4 edt | |
| 830 | 0 | |a Family life and social policy | |
| 852 | |a INST |b LESVOS |e 19990111 |h 362.820941 SOC |p 005100017459 |q 005100017459 |t BK |y 0 | ||
| 901 | |a BIBL-1999-1 | ||
| 909 | |a Λ |b 061449 | ||
| 922 | |a 1ΕΛΗ |b 199811 |c ΚΠΣ/ΤΚ |d ΠΑΠΑΣΩΤΗΡΙΟΥ | ||
| 950 | |a 103-1998-07-27 | ||